Город Н. Путь к Победе (Запись № 13685053)

Подробности
000 -МАРКЕР
контрольное поле 02648nam0a2200421 4500
001 - ИДЕНТИФИКАТОР ЗАПИСИ
контрольное поле RU\NLR\BIBL_A\022636231
005 - ИДЕНТИФИКАТОР ВЕРСИИ
контрольное поле 20260420054340.0
010 ## - МЕЖДУНАРОДНЫЙ СТАНДАРТНЫЙ НОМЕР КНИГИ (ISBN)
Номер (ISBN) 978-5-6053238-4-6
Тираж 167
021 ## - НОМЕР ГОСУДАРСТВЕННОЙ РЕГИСТРАЦИИ
Код страны Российская Федерация
Номер АЛ-П-25-00731и
Номер Листа государственной регистраци АЛ-П-25-0151
035 ## - ДРУГИЕ СИСТЕМНЫЕ НОМЕРА
Идентификатор записи (NLR Aleph) 022636231
100 ## - ДАННЫЕ ОБЩЕЙ ОБРАБОТКИ
Данные общей обработки 20251003d2025 u y0rusy50 ca
101 0# - ЯЗЫК РЕСУРСА
Язык текста, звукозаписи и т.д. русский
102 ## - СТРАНА ПУБЛИКАЦИИ ИЛИ ПРОИЗВОДСТВА
Страна публикации Российская Федерация
105 ## - ПОЛЕ КОДИРОВАННЫХ ДАННЫХ: ТЕКСТОВЫЕ МАТЕРИАЛЫ, МОНОГРАФИЧЕСКИЕ
Кодированные данные о монографическом текстовом документе ac z 011yd
181 #0 - ПОЛЕ КОДИРОВАННЫХ ДАННЫХ: ВИД СОДЕРЖАНИЯ
Код вида содержания (ISBD) i2
Код характеристики содержания (ISBD) axxe
181 #0 - ПОЛЕ КОДИРОВАННЫХ ДАННЫХ: ВИД СОДЕРЖАНИЯ
Код вида содержания (ISBD) b2
Код характеристики содержания (ISBD) bb2e
182 #0 - ПОЛЕ КОДИРОВАННЫХ ДАННЫХ: ТИП СРЕДСТВА
Код типа средства (ISBD) n - непосредственное
200 1# - ЗАГЛАВИЕ И СВЕДЕНИЯ ОБ ОТВЕТСТВЕННОСТИ
Основное заглавие Город Н. Путь к Победе
Сведения, относящиеся к заглавию альбом фотографий военной поры из собрания Нижнетагильского музея-заповедника "Горнозаводской Урал", посвящается 80-летию Победы в Великой Отечественной войне 1941-1945 гг.
Первые сведения об ответственности авторский коллектив: А. Х. Фахретденова, редактор, заслуженный работник культуры РФ, Д. М. Симонова, С. В. Старков
Последующие сведения об ответственности использованы фотографии И. С. Колесова [и др.]
-- МБУК "Нижнетагильский музей-заповедник "Горнозаводской Урал"
203 ## - ВИД СОДЕРЖАНИЯ И ТИП СРЕДСТВА
Вид содержания Текст
-- Изображение
Дополнительные сведения об издании визуальные
Тип средства непосредственный
210 ## - ПУБЛИКАЦИЯ, РАСПРОСТРАНЕНИЕ И ДР.
Место издания, распространения и т.д. Нижний Тагил
Имя издателя, распространителя и т. д. [б. и.]
Дата издания, распространения и т.д. 2025
Имя изготовителя типография "Репринт" ("Онлайн-сервис")
215 ## - ФИЗИЧЕСКАЯ ХАРАКТЕРИСТИКА
Специфическое обозначение материала и объем 410, [2] с.
Другие сведения о физической характеристике ил., цв. ил., портр.
Размеры 22x33
300 ## - ОБЩИЕ ПРИМЕЧАНИЯ
Текст примечания На обл. подзаг.: альбом фотографий военной поры
300 ## - ОБЩИЕ ПРИМЕЧАНИЯ
Текст примечания Авт. указаны на обороте тит. с.
300 ## - ОБЩИЕ ПРИМЕЧАНИЯ
Текст примечания На корешке и с. 4: Победа! 80
320 ## - ПРИМЕЧАНИЯ О НАЛИЧИИ В ДОКУМЕНТЕ БИБЛИОГРАФИИ / УКАЗАТЕЛЯ
Текст примечания Указ. имен: с. 399-410
606 1# - НАИМЕНОВАНИЕ ТЕМЫ КАК ПРЕДМЕТ
Наименование темы Великая Отечественная война
Формальный подзаголовок Фотоальбомы
Географический подзаголовок Нижний Тагил, город (Свердловская область)
Хронологический подзаголовок 1941 - 1945
Системный номер авторитетной/нормативной записи 2602448
Идентификатор авторитетной/нормативной записи RU\NLR\AUTH\661539006
686 1# - ИНДЕКСЫ ДРУГИХ КЛАССИФИКАЦИЙ
Индекс Т3(2)722.9-9(2Р-4Св-2НТ)я61
686 1# - ИНДЕКСЫ ДРУГИХ КЛАССИФИКАЦИЙ
Индекс Ц35(2)722(2Р-4Св-2НТ)я61
700 #1 - ИМЯ ЛИЦА - ПЕРВИЧНАЯ ОТВЕТСТВЕННОСТЬ
Начальный элемент ввода Фахретденова
Часть имени, кроме начального элемента ввода А. Х.
Расширение инициалов личного имени Альфия Хусаиновна
701 #1 - ИМЯ ЛИЦА - АЛЬТЕРНАТИВНАЯ ОТВЕТСТВЕННОСТЬ
Начальный элемент ввода Симонова
Часть имени, кроме начального элемента ввода Д. М.
701 #1 - ИМЯ ЛИЦА - АЛЬТЕРНАТИВНАЯ ОТВЕТСТВЕННОСТЬ
Начальный элемент ввода Старков
Часть имени, кроме начального элемента ввода С. В.
Расширение инициалов личного имени Сергей Валерьевич
712 02 - НАИМЕНОВАНИЕ ОРГАНИЗАЦИИ - ВТОРИЧНАЯ ОТВЕТСТВЕННОСТЬ
Код отношения Прочие
Начальный элемент ввода "Горнозаводской Урал", нижнетагильский музей-заповедник
Системный номер авторитетной/нормативной записи 687766
Идентификатор авторитетной/нормативной записи RU\NLR\AUTH\8810093287
942 ## - ДОПОЛНИТЕЛЬНЫЕ ЭЛЕМЕНТЫ ЗАПИСИ (АБИС)
Тип экземпляра АБИС Книга
980 ## - КОЛЛЕКЦИЯ
Название коллекции Национальная библиография

Нет доступных экземпляров.